00773cam9a220020500 4500001001200000005001700012008004100029035001900070035002200089035002200111040000900133100007300142245007900215260005200294504007500346600007100421949005000492004000600542999001900548qce0187606320190823082631.0770314c19601959enkf b 001 0 eng d a(Sirsi) r10686 a(QCAT)lss01519844 a(UPRA)qce01876063 dUPRA1 aBrinnin, John Malcolm, 1916-dBrinnin, John Malcolm, 1916-6A62496.114aThe third rose :bGertrude Stein and her world /cby John Malcolm Brinnin. aLondon :bWeidenfeld & Nicolson,c1960, [c1959] a"A selected bibliography of the works of Gertrude Stein" : p. 413-415.10aStein, Gertrude, 1874-1946.dStein, Gertrude, 1874-1946.6S49726.1 aPS3537.T323wlcci-2455mMAINtBOOKlON-SHELF10686 c138480d138480